000 01342nam a22003737a 4500
003 CHAP
005 20220329143108.0
008 060314d2005 mx r 00110 spa d
010 _a91861
011 _a92833
035 _a103399
040 _cCHAP
090 _aTesis
100 1 _aCauich Uitz, Sara.
_920582
245 1 0 _aComportamiento de la hembra de reemplazo con cubrición posparto 11 y 18 días en conejas Nueva Zelanda Blanco
_c/por Sara Cuich Uitz y Everardo Santiago Vega García
260 _aChapingo, Méx. :
_bEl autor,
_c2005.
300 _a69 h.
502 _aTesis (Ing. Agr. Esp. en Zootecnia) - - UACH. Departamento de Zootecnia
590 _aALEPH
_b10
_c20130110
_lUCH01
_h1510
590 _aBATCH-UPD
_b10
_c20130110
_lUCH01
_h0656
590 _aBATCH-UPD
_b10
_c20130410
_lUCH01
_h0341
590 _aBATCH-UPD
_b10
_c20130914
_lUCH01
_h0902
590 _aCONVERSION
_b10
_c20130109
_lUCH01
_h1351
650 1 4 _aConejos
_xFecundidad.
_926366
650 1 4 _aConejos
_xRazas.
_926377
650 1 4 _aConejos
_xReproducción.
_926378
650 1 4 _aCunicultura.
_930449
700 1 _aVega García, Everardo Santiago.
_9118262
901 _aBK
905 _aLilia
942 _cFOLL
949 _aTesis
_bBC
_cTES
_d33724000958526
_eTS1
_h44901
_i103399
_sb
949 _aTesis
_bBC
_cTES
_d33724000958625
_eTS2
_fc.2
_h44923
_i103399
_sb
999 _c91861
_d91861